000
00276nam a2200109Ia 4500
005
20251222144915.0
008
251222s9999||||xx |||||||||||||| ||spa||
082
_a
263.1/G34
100
_a
Gea Escolano, José
245
0
_a
Venid Conmigo....Encuentros con Jesús:
942
_c
LIB
999
_c
22489
_d
22489